Honderd eeuwen Nederland / (Record no. 25798)
[ view plain ]
| 000 -LEADER | |
|---|---|
| fixed length control field | 01004nam a2200289 a 4500 |
| 001 - CONTROL NUMBER | |
| control field | 25798 |
| 003 - CONTROL NUMBER IDENTIFIER | |
| rucl marc code | BD-RJUL |
| 005 - DATE AND TIME OF LATEST TRANSACTION | |
| control field | 20211209050929.0 |
| 008 - FIXED-LENGTH DATA ELEMENTS--GENERAL INFORMATION | |
| fixed length control field | 140319s1959 ne ae 000 0 dut d |
| 035 ## - SYSTEM CONTROL NUMBER | |
| System control number | (BD-RJUL)25868 |
| 040 ## - CATALOGING SOURCE | |
| Original cataloging agency | LUN |
| Transcribing agency | LUN |
| Modifying agency | EQO |
| Language of cataloging | eng |
| 041 ## - LANGUAGE CODE | |
| Language code of text/sound track or separate title | eng |
| 082 ## - DEWEY DECIMAL CLASSIFICATION NUMBER | |
| Classification number | 949.2 |
| Author mark and year | HON 1959 |
| 245 00 - TITLE STATEMENT | |
| Title | Honderd eeuwen Nederland / |
| Statement of responsibility, etc. | samengesteldt onder redactie van J.E. Bogars ... [et al.] ; met een voorwoord van J.M.L.Th. Cals. |
| 260 ## - PUBLICATION, DISTRIBUTION, ETC. (IMPRINT) | |
| Place of publication, distribution, etc. | 's Gravenhage : |
| Name of publisher, distributor, etc. | Luctor et Emergo, |
| Date of publication, distribution, etc. | 1959. |
| 300 ## - PHYSICAL DESCRIPTION | |
| Pagination | 314 p. ; |
| Illustrations | ill., plans ; |
| Size | 23 cm. |
| 490 1# - SERIES STATEMENT | |
| Series statement | Antiquity and survival ; |
| Volume/sequential designation | vol. 2, no. 5-6 |
| 500 ## - GENERAL NOTE | |
| General note | Errata slip inserted (p. 314) |
| 504 ## - BIBLIOGRAPHY, ETC. NOTE | |
| Bibliography, etc | Includes bibliographical references (p. 312-131) |
| 651 #0 - SUBJECT ADDED ENTRY--GEOGRAPHIC NAME | |
| Geographic name | Netherlands |
| General subdivision | Antiquities. |
| 9 (RLIN) | 79248 |
| Geographic name | Netherlands |
| General subdivision | History |
| Chronological subdivision | To 1384. |
| 9 (RLIN) | 79249 |
| 700 1# - ADDED ENTRY--PERSONAL NAME | |
| Personal name | Bogaers, J. E. |
| Personal name | Cals, J. M. L. Th. |
| 830 #0 - SERIES ADDED ENTRY--UNIFORM TITLE | |
| Volume number/sequential designation | vol. 2, no. 5-6 |
| 830 #0 - SERIES ADDED ENTRY--UNIFORM TITLE | |
| Uniform title | Antiquity and survival ; |
| 942 ## - ADDED ENTRY ELEMENTS (KOHA) | |
| Source of classification or shelving scheme | Dewey Decimal Classification |
| Koha item type | Books |
| Lost status | Source of classification or shelving scheme | Damaged status | Not for loan | Collection code | Permanent Location | Current Location | Shelving location | Date acquired | Source of acquisition | Cost, normal purchase price | Total Checkouts | Full call number | Date last seen | Copy number | Koha item type |
|---|---|---|---|---|---|---|---|---|---|---|---|---|---|---|---|
| Dewey Decimal Classification | Added to bundle | Non-fiction | Central Library, University of Rajshahi | Central Library, University of Rajshahi | Reading Room | 24/01/1964 | N/A | 0.00 | 949.2 HON 1959 | 19/03/2014 | C-1 | Books |